00317nam a2200097Ia 4500008004100000245007300041245002200114260000900136650002600145856004800171171211s9999 xx 000 0 und d aPetit Collage: 25 Easy Craft and Décor Projects for a Playful Home cLorena Siminovich c2014 xFamily and Friendship uhttp://down.ebook777.com/065/0385345089.pdf